| 000 | 00493nam a2200181Ia 4500 | ||
|---|---|---|---|
| 999 |
_c14528 _d14528 |
||
| 003 | OSt | ||
| 005 | 20201014124827.0 | ||
| 008 | 190216s9999||||xx |||||||||||||| ||und|| | ||
| 020 | _a9780340896679 | ||
| 040 | _coclc | ||
| 082 |
_a823.92 _bMOR/L |
||
| 100 |
_aMorrall, Clare _95724 |
||
| 245 | 4 |
_aThe Language Of Others / _cClare Morrall |
|
| 260 |
_bSceptre, _c2008. _aLondon: |
||
| 300 | _a376 | ||
| 650 | _aEnglish | ||
| 942 |
_cBK _2ddc _h823.92 _iMOR/L _k823.92 _mMOR/L |
||